History and Geography of Austria-Hungary on a Map - Statistics

General Stats
  • This quiz has been taken 180 times
  • The average score is 35 of 69
Answers on the Map
Answers color-coded by a green-red scale on the quiz's map according to % correct below.
 
Answer Stats
Q xxxx Answer % Correct
1 2,031,498 Vienna
92%
1 1,232,026 Budapest
88%
3 The second Crown of the Empire Hungary
85%
3 Almost became a third Crown in the Empire Croatia-Slavonia
84%
3 Was ruled as a condominium between the two Crowns of the Empire Bosnia and Herzegovina
83%
1 668,000 Prague
81%
2 Franz Ferdinand was assassinated in this city in 1914 Sarajevo
81%
4 3. Liechtenstein
80%
4 1. Germany
79%
4 4. Italy
79%
4 8. Russia
79%
4 6. Serbia
79%
4 7. Romania
78%
3 Most industrialized non German-speaking part of the Empire Bohemia
77%
4 5. Montenegro
77%
4 2. Switzerland
77%
3 This Realm had the same name as its capital city Salzburg
75%
5 Some wanted to reform the Empire into a Federation named after this river Danube
74%
1 229,510 Trieste
72%
6 Failed to get into art school Adolf Hitler
70%
3 Famous for its countless islands and multiethnic population Dalmatia
70%
9 Home to the Italian front of WWI Alps
69%
3 Austrians called it Mähren Moravia
66%
3 This Alpine Realm was subdivided along North, South and East Tyrol
64%
1 125,737 Brünn
63%
5 The only sea bordered by the Empire Adriatic Sea
62%
3 The largest portion of this region was under the control of the German Empire Silesia
62%
1 151,886 Kraków
61%
3 One of the traditional subdivisions of Austria proper Lower Austria
61%
3 One of the traditional subdivisions of Austria proper Upper Austria
61%
2 Was briefly part of Bavaria during the Napoleonic Wars Innsbruck
59%
9 This range runs along the eastern borders of the Empire Carpathians
58%
3 Its population was evenly split between Polish and Ukrainian speakers Galicia
58%
1 151,781 Graz
58%
2 Capital of the region of Transylvania Kolozsvár
54%
2 Was home to various parties that promoted unification with Croatia-Slavonia, Serbia and Italy Split
54%
2 After WWI this city was declared an independent State by a force led by the poet Gabriele d'Annunzio Fiume
53%
6 Emperor for most of Austria-Hungary's history Franz Joseph
53%
1 206,113 Lemberg
53%
6 Founded the discipline of psychoanalysis Sigmund Freud
53%
3 Subdivided into Upper, Lower, Eastern and Western districts Styria
51%
3 Had a substantial German-speaking majority, but also a Slovene-speaking minority Carinthia
50%
6 Jewish-German-Czech author of "The Metamorphosis" Franz Kafka
45%
2 Italian-speaking city of the Austrian Alps Trent
45%
3 Tried to join Switzerland a few years after WWI Vorarlberg
43%
6 This Bosnian Serb started WWI Gavrilo Princip
42%
3 Traditionally a part of Moldavia Bukovina
40%
2 This multiethnic city was the capital of the region of Banat Temesvár
39%
5 Biggest lake of the Empire Lake Balaton
38%
8 Napoleon's 1805 masterpiece Battle of Austerlitz
35%
1 118,328 Szegedin
35%
6 Augustinian friar who founded genetics Gregor Mendel
30%
3 The only Slovene majority Realm of the Empire Carniola
27%
7 Habsburgs' summer residence in the Imperial Capital Schönbrunn Palace
26%
5 The longest river entirely within Transleithania Tisza
26%
8 A series of 12 WWI battles along a river valley Battles of Isonzo
24%
7 Iconic bridge across the Vitava river Charles Bridge
23%
1 94,610 Szabadka
23%
3 Called by Venetians "Venezia Giulia" Austrian Littoral
17%
9 Tallest mountain of Cisleithania Grossglockner
17%
5 The shores of this lake were a popular vacation spot Lake Garda
16%
9 Tallest mountain of Transleithania Gerlachfalvi-csúcs
13%
8 Decisive battle of the Austro-Prussian War Battle of Königgrätz
12%
7 A symbol of unity for the omonymous city in Herzegovina Mostar Bridge
11%
6 Pioneer of computing and game theory John von Neumann
8%
8 Allegedly led to the creation of Croissants Siege of Vienna
8%
7 Plaza which features statues of seven Magyar Chieftains Heroes’ Square
3%
7 Romantic seaside castle built for Archduke Maximilian (later Emperor of Mexico) Miramare Castle
3%
8 Austrian naval victory during the Third Italian War of Independence Battle of Lissa
2%
No matching quizzes found
Score Distribution
Percent of People with Each Score
Percentile by Number Answered
Your Score History
You have not taken this quiz